01375nac a22002531u 4500010001700000020003400017082001500051090001500066100003400081245008600115260006000201300003600261500002000297500002700317505040300344511002800747650006600775650002900841650003800870856007800908942001700986999001501003952010301018 a 2005021323 a0321349954 (hc. : alk. paper)00a005.8bDWI c9131d9131 aDwivedi, Himanshu. 10aSecuring storage : a practical guide to SAN and NAS security /cHimanshu Dwivedi. aUpper Saddle River, NJ :bAddison-Wesley,c2006.cc2006. axxxii, 526 p. :bill. ;c24 cm. aIncludes index. aDistributer: Al-Ahram.0 aIntroduction to storage security -- SANs: Fibre Channel security -- SANs: LUN masking and HBA security -- SANs: zone and switch security -- NAS security -- NAS: CIFS security -- NAS: NFS security -- SANs: iSCSI security -- Securing Fibre Channel SANs -- Securing NAS -- Securing iSCSI -- Compliance, regulation, and storage -- Auditing and securing storage devices -- Storage security case studies. aCatalogued By: Mahitab. 0aStorage area networks (Computer networks)xSecurity measures. 0aFibre Channel (Standard) 0aiSCSI (Computer network protocol)413Table of contentsuhttp://www.loc.gov/catdir/toc/ecip0516/2005021323.html cBBk005.8DWI c9131d9131 00104070aMAINbMAINcLOWd2015-04-08ePurchasel0o005.8DWIp000011001r2025-07-15 00:00:00yBB